SEV Voprosy i otvety

Saved in:
Bibliographic Details
Format: Book
Language:Russian
Published: Moskva Sovet Ekonomičeskoj Vzaimopomošči 1986
Tags: Add Tag
No Tags, Be the first to tag this record!

MARC

LEADER 00000nam a2200000 4500
001 c022921
005 20250930115951.8
041 0 |a rus 
044 |a RU 
245 1 0 |a SEV  |b Voprosy i otvety 
264 1 |a Moskva  |b Sovet Ekonomičeskoj Vzaimopomošči  |c 1986 
300 |a 46 s.